Third national report to the convention on biological diversity Brazil : (Record no. 22406)

000 -LEADER
fixed length control field 00761cam a22002295a 4500
020 ## - INTERNATIONAL STANDARD BOOK NUMBER
ISBN 8577380017
020 ## - INTERNATIONAL STANDARD BOOK NUMBER
ISBN 9788577380015
040 ## - CATALOGING SOURCE
Transcribing agency DLC
082 ## - DEWEY DECIMAL CLASSIFICATION NUMBER
Classification number GEF KIM 2006 C025 Or.
110 2# - MAIN ENTRY--CORPORATE NAME
Corporate name or jurisdiction name as entry element Brasil. Ministério do Meio Ambiente. Secretaria de Biodiversidade e Florestas.
245 10 - TITLE STATEMENT
Title Third national report to the convention on biological diversity Brazil :
260 ## - PUBLICATION, DISTRIBUTION, ETC. (IMPRINT)
Place of publication Brasilia :
Name of publisher MMA/SBF,
Year of publication 2006.
300 ## - PHYSICAL DESCRIPTION
Number of Pages 444 pages
500 ## - GENERAL NOTE
General note <> Biblioteca possui 2 exemplares; e. 2 CD-ROM.
650 #0 - SUBJECT ADDED ENTRY--TOPICAL TERM
Topical Term Caatinga plants
650 #0 - SUBJECT ADDED ENTRY--TOPICAL TERM
Topical Term Biodiversity
650 #0 - SUBJECT ADDED ENTRY--TOPICAL TERM
Topical Term Environmental protection
700 1# - ADDED ENTRY--PERSONAL NAME
Personal name Araújo, Francisca Soares de,
700 1# - ADDED ENTRY--PERSONAL NAME
Personal name Rodal, Maria Jesus Nogueira,
700 1# - ADDED ENTRY--PERSONAL NAME
Personal name Barbosa, Maria Regina de Vasconcell,
942 ## - ADDED ENTRY ELEMENTS (KOHA)
Koha item type ADB
952 ## - LOCATION AND ITEM INFORMATION (KOHA)
Withdrawn status [LOCAL, KOHA] 0
Holdings
Permanent Location Date acquired Koha item type Lost status Shelving location Barcode Current Location Full call number
Library Block C2023-12-20ADB C025a075039Library Block CGEF KIM 2006 C025 Or.
មជ្ឈមណ្ឌលឯការនៃសាកលវិទ្យាល័យភូមិន្ទកសិកម្មចំការដូង

Powered by Koha